| 000 -LEADER |
| fixed length control field |
00651nam a22001937a 4500 |
| 005 - DATE AND TIME OF LATEST TRANSACTION |
| control field |
20201208135817.0 |
| 008 - FIXED-LENGTH DATA ELEMENTS--GENERAL INFORMATION |
| fixed length control field |
201208r2012 enk||||| |||| 00| 0 eng d |
| 020 ## - INTERNATIONAL STANDARD BOOK NUMBER |
| International Standard Book Number |
9781405391245 |
| 041 ## - LANGUAGE CODE |
| Language code of text/sound track or separate title |
eng |
| 080 ## - UNIVERSAL DECIMAL CLASSIFICATION NUMBER |
| Universal Decimal Classification number |
159.9(092) T-44 |
| 245 ## - TITLE STATEMENT |
| Title |
The Psychology Book (Big Ideas) |
| Statement of responsibility, etc. |
Catherine Collin; Nigel Benson; Joannah Ginsburg. |
| 264 ## - PRODUCTION, PUBLICATION, DISTRIBUTION, MANUFACTURE, AND COPYRIGHT NOTICE |
| Place of production, publication, distribution, manufacture |
London : |
| Name of producer, publisher, distributor, manufacturer |
Penguin Books Ltd, |
| Date of production, publication, distribution, manufacture, or copyright notice |
2012. |
| 300 ## - PHYSICAL DESCRIPTION |
| Extent |
352 p. |
| Other physical details |
25 cm. |
| 653 ## - INDEX TERM--UNCONTROLLED |
| keyword |
ფსიქოლოგია |
| 700 ## - ADDED ENTRY--PERSONAL NAME |
| Personal name |
Collin Catherine |
| Relator term |
ავტორი |
| 9 (RLIN) |
9869 |
| 700 ## - ADDED ENTRY--PERSONAL NAME |
| Personal name |
Benson, Nigel |
| Relator term |
ავტორი |
| 9 (RLIN) |
9870 |
| 700 ## - ADDED ENTRY--PERSONAL NAME |
| Personal name |
Ginsburg, Joannah |
| Relator term |
ავტორი |
| 9 (RLIN) |
9871 |
| 942 ## - ADDED ENTRY ELEMENTS (KOHA) |
| Source of classification or shelving scheme |
|
| Koha item type |
წიგნი |